| 000 | 00721nam a22002177a 4500 | ||
|---|---|---|---|
| 005 | 20141030165549.0 | ||
| 010 | _aENG-111096 | ||
| 020 |
_c170.00 _a9788123771311 |
||
| 020 |
_c170.00 _a8123771312 |
||
| 035 | _aEN-94628 | ||
| 037 | _bDBAD/PUB | ||
| 082 | _a338.190954 | ||
| 100 | _aModgal,Suresh C. | ||
| 245 |
_aFood security of India : _cby Suresh C. Modgal _ban overview / |
||
| 260 |
_aNew Delhi _bNational Book Trust _c2014 |
||
| 270 |
_bNew Delhi _e110070 _aNehru Bhawan, 5, Institutional Area, Phase-II, Vasant Kunj |
||
| 300 |
_axviii,340p. _c23cm(pbk) |
||
| 490 | _aPopular social science | ||
| 500 | _aIncludes bibliographical references and index | ||
| 942 |
_2ddc _cEN _mMOD _h338.190954 |
||
| 999 |
_c89743 _d89743 |
||